000 00883nam a2200217 a 4500
003 0
005 20250404094703.0
008 050809s19uu xx 00 eng d
050 _aPGS LB 2805.P75
_b.K48 2005
100 _aKorponay, Marika.
245 _aAssessment of lower school students on the school P.R.I.D.E. /
_cMarika Korponay.
260 _aLas PiƱas City, Philippines :
_bSouthville International School and Colleges,
_c2005.
300 _a25 pages :
_billustrations ;
_c28 cm.
504 _aIncludes bibliographic references.
650 _aSchool management and organization
_vEvaluation.
650 _aEducational assessment
_vStudent perceptions.
650 _aSchool improvement programs
_vStudent feedback.
650 _aProfessional development
_vFaculty and staff.
650 _aAcademic excellence
_vInstitutional effectiveness.
942 _2lcc
_cPASS
999 _c97383
_d97383